La obediencia jerárquica en el Derecho Penal / (Record no. 127754)

MARC details
000 -LEADER
campo de control de longitud fija 00605nam a2200169 4500
001 - NÚMERO DE CONTROL
campo de control 127754
003 - IDENTIFICADOR DE NÚMERO DE CONTROL
campo de control ES-MaACL
005 - FECHA Y HORA DE LA ÚLTIMA TRANSACCIÓN
campo de control 20230906193058.0
007 - CAMPO FIJO DE DESCRIPCIÓN FÍSICA--INFORMACIÓN GENERAL
campo de control de longitud fija t|
008 - DATOS DE LONGITUD FIJA--INFORMACIÓN GENERAL
campo de control de longitud fija 070214s1969 cl r ||||1| spa d
100 1# - ENTRADA PRINCIPAL--NOMBRE DE PERSONA
Nombre de persona Rivacoba y Rivacoba, Manuel de.
9 (RLIN) 97535
245 13 - MENCIÓN DEL TÍTULO
Título La obediencia jerárquica en el Derecho Penal /
Mención de responsabilidad, etc. Manuel de Rivacoba y Rivacoba ; prólogo... Francisco Blasco y Fernández de Moreda.
260 ## - PUBLICACIÓN, DISTRIBUCIÓN, ETC.
Lugar de publicación, distribución, etc. Valparaíso :
Nombre del editor, distribuidor, etc. Universidad de Chile,
Fecha de publicación, distribución, etc. 1969.
300 ## - DESCRIPCIÓN FÍSICA
Extensión 183 p. ;
Dimensiones 22 cm.
700 1# - ENTRADA AGREGADA--NOMBRE PERSONAL
Nombre de persona Blasco y Fernández de Moreda, Francisco.
9 (RLIN) 29404
852 ## - LOCALIZACIÓN
Ubicación ES-MaACL
Número de control de estantería C-36757
Sublocalización o colección R.71029
Holdings
Estatus retirado Estado de pérdida Estado de daño No para préstamo Biblioteca de origen Biblioteca actual Ubicación en estantería Fecha de adquisición Fuente de adquisición Total de préstamos Signatura topográfica completa Código de barras Visto por última vez Precio de reemplazo Tipo de ítem Koha
        Biblioteca del Ateneo de Madrid Biblioteca del Ateneo de Madrid Depósito 2 17/01/2008     C-36757 1133062 23/02/2023 23/02/2023 Libro impreso